000 00477nam a2200181 b 4500
003 OSt
005 20151202153807.0
008 000718r1985sp | ||| ||spa
020 _a84-226-2020-0
040 _cBMC
082 _a863
100 1 _aSampedro, José Luis
_d1917-2013
_913706
245 1 3 _aLa sonrisa etrusca
_cJosé Luis Sampedro
260 _aBarcelona
_bCirculo de lectores
_c1985
300 _a303 p.
_c21 cm
650 2 4 _929289
_aNovela española
942 _2ddc
_cBK
999 _c23773
_d23773